Údržba modulu Medusa

Salvato in:
Dettagli Bibliografici
Autore principale: Kustra, Martin (Autore)
Altri autori: Jókay, Matúš (Relatore della tesi)
Natura: Manoscritto Libro
Lingua:slovacco
Pubblicazione: Bratislava : STU v Bratislave FEI, 2023
Soggetti:
Accesso online:https://opac.crzp.sk/?fn=detailBiblioFormChildEM3FO&sid=C0DEB8E07572332BA32B0215805F&seo=CRZP-detail-kniha
Tags: Aggiungi Tag
Nessun Tag, puoi essere il primo ad aggiungerne!!

MARC

LEADER 00000ntm a22000003a 4500
001 stuzp88767
003 SK-STU
005 20241212142749.1
007 ta
008 150427s2015----xo-----f-mn---000-0-slo-d
040 |a STU  |b slo 
041 0 |a slo 
044 |a xo 
100 1 |a Kustra, Martin  |u 035000  |4 aut  |U FEI Fakulta elektrotechniky a informatiky  |T FEI Ústav informatiky a matematiky  |X 92278  |U E050  |Y 816  |7 92278 
242 0 1 |a Medusa Module Maintenance  |y eng 
245 1 0 |a Údržba modulu Medusa 
260 |a Bratislava :  |b STU v Bratislave FEI,  |c 2023 
300 |a 60 s. 
650 4 |a LSM  |2 slo 
650 4 |a Medusa  |2 slo 
650 4 |a bezpečnostný modul  |2 slo 
650 4 |a Linux  |2 slo 
650 4 |a security module  |2 eng 
650 4 |a LSM  |2 eng 
650 4 |a Linux  |2 eng 
650 4 |a Medusa  |2 eng 
700 1 |a Jókay, Matúš  |u 035000  |k Z1  |4 ths  |U FEI Fakulta elektrotechniky a informatiky  |T FEI Ústav informatiky a matematiky  |X 10139  |U E050  |Y 816  |7 A000010139 
856 4 |u https://opac.crzp.sk/?fn=detailBiblioFormChildEM3FO&sid=C0DEB8E07572332BA32B0215805F&seo=CRZP-detail-kniha